Statistics for SAT Words Click Quiz - R

Click here to take the quiz!

General Stats

  • This quiz has been taken 239 times
  • The average score is 11 of 15

Answer Stats

HintAnswer% Correct
Make youthful againRejuvenate
96%
Relationship with amicable communicationRapport
91%
Wily trickRuse
91%
Give up power; yieldRelinquish
89%
Delay punishmentReprieve
80%
Stage for public speechesRostrum
80%
Long-standing bitternessRancor
79%
Demolish; utterly destroyRaze
79%
Reserved; uncommunicativeReticent
75%
ProtestRemonstrate
74%
Refuse to acceptRepudiate
74%
DaydreamReverie
72%
Prone to laughingRisible
60%
Strongly aromaticRedolent
54%
Difficult to understand; abstruseRecondite
50%

Score Distribution

Percentile by Number Answered

Percent of People with Each Score

Your Score History

You have not taken this quiz